000 00406nam a22001577a 4500
003 SGT
020 _a9780470679401
082 _a658.4092,STE
100 _aCROSSAN,MARY
245 _aCROSS-ENTERPRISE LEADERSHIP: BUSINESS LEADERSHIP FOR THE TWENTY-FRIST CENTURY
250 _a1ST
260 _aCANADA
_bJOSSET-BASS
_c1994
300 _a257
650 _aLEADERSHIP, SUCCESS IN BUSINESS
942 _2ddc
_cFCM
999 _c9428
_d9428